[Event "POHÁR města Říčany 2024"]
[Site "Městské kulturní středisko U labutě"]
[Date "2024.06.30"]
[Round "2.27"]
[White "Ocelak, David"]
[Black "Jankovsky, Zbynek"]
[Result "1-0"]
[WhiteElo "1815"]
[BlackElo "1739"]
[WhiteFideId "23728795"]
[BlackFideId "23700521"]
[PlyCount "0"]
[EventDate "2024.06.29"]

1. e4 c5 2. Nf3 Nc6 3. Bb5 a6 4. Bxc6 bxc6 5. O-O d5 6. d3 Bg4 7. Nbd2 e6 8. h3
Bh5 9. c3 Bd6 10. Qa4 Qd7 11. c4 d4 12. b3 Ne7 13. Ba3 O-O 14. e5 Bc7 15. Bxc5
Rfe8 16. Rfe1 Bg6 17. Ne4 Qd8 18. Rad1 Bb6 19. Bxe7 Rxe7 20. Qxc6 Ba5 21. Re2
Rc7 22. Qa4 Bxe4 23. Rxe4 Bc3 24. b4 Rb8 25. a3 h6 26. Nd2 g6 27. Nb1 f5 28. Re2
Ra8 29. Qc2 Rac8 30. c5 a5 31. Nxc3 dxc3 32. Qxc3 axb4 33. axb4 Qd7 34. Ra2 Rb8
35. Qc4 Kf7 36. Ra6 Qd5 37. Qxd5 exd5 38. d4 Rxb4 39. Rf6+ Kg7 40. Rd6 Rcb7
41. Rxd5 g5 42. c6 1-0

[Event "POHÁR města Říčany 2024"]
[Site "Městské kulturní středisko U labutě"]
[Date "2024.06.30"]
[Round "2.28"]
[White "Gernert, Tomas"]
[Black "Lavrincik, Pavel"]
[Result "1-0"]
[WhiteElo "1745"]
[BlackElo "1812"]
[WhiteFideId "23750219"]
[BlackFideId "320188"]
[PlyCount "0"]
[EventDate "2024.06.29"]

1. d4 d6 2. e4 Nf6 3. Nc3 g6 4. Nf3 Bg7 5. Bc4 O-O 6. Bg5 c6 7. Qd2 b5 8. Bxf6
Bxf6 9. Nxb5 cxb5 10. Bd5 Qb6 11. Bxa8 Bg4 12. c3 e6 13. e5 dxe5 14. Nxe5 Bf5
15. g4 Bxe5 16. gxf5 Bg7 17. fxg6 fxg6 18. Be4 Nd7 19. Rg1 Nf6 20. f3 b4 21. Ke2
Qb5+ 22. Qd3 Qh5 23. Rg2 bxc3 24. bxc3 Qh3 25. Rf2 Nh5 26. Kd2 Nf4 27. Qc4 Bh6
28. Kc2 Ng2 29. Kb3 Ne3 30. Qc6 Rb8+ 31. Ka4 Rb6 32. Qa8+ Bf8 33. Qxa7 Nc4
34. Rb1 Rd6 35. Qc7 Qh4 36. Rg2 Ne3 37. Bxg6 hxg6 38. Rxg6+ Kh8 39. Qf7 Rxd4+
40. cxd4 Qxd4+ 41. Ka5 Nc4+ 42. Ka6 Qd6+ 43. Ka7 Qc5+ 44. Ka8 Qc8+ 45. Rb8 Qc6+
46. Rb7 Qa6+ 47. Kb8 Bd6+ 48. Rc7 Qb6+ 49. Kc8 Qa6+ 50. Kd8 Qa8+ 51. Rc8 Qa5+
52. Ke8 Qb5+ 53. Qd7 1-0

[Event "POHÁR města Říčany 2024"]
[Site "Městské kulturní středisko U labutě"]
[Date "2024.06.30"]
[Round "2.29"]
[White "Rous, Dominik"]
[Black "Stork, Rostislav"]
[Result "1/2-1/2"]
[WhiteElo "1719"]
[BlackElo "1808"]
[WhiteFideId "375993"]
[BlackFideId "354988"]
[PlyCount "0"]
[EventDate "2024.06.29"]

1. c3 e5 2. d4 exd4 3. cxd4 Nf6 4. Bf4 Bb4+ 5. Nc3 O-O 6. e3 d5 7. a3 Bd6
8. Bg3 c6 9. Bd3 Qc7 10. Nf3 a5 11. Ne5 Nbd7 12. f4 b6 13. Rc1 c5 14. Nb5 Qb8
15. Nc6 Qb7 16. Nxd6 Qxc6 17. f5 Ba6 18. h3 Ne8 19. Nxe8 Rfxe8 20. Bf4 Qf6
21. g4 Qxd4 22. Be2 Qxb2 23. Bxa6 Rxa6 24. O-O Qxa3 25. Qxd5 Nf6 26. Qb7 Raa8
27. Qxb6 Ne4 28. g5 Qb4 29. Qc6 a4 30. g6 hxg6 31. fxg6 fxg6 32. Qxg6 Qb2
33. Rb1 Qf6 34. Qg2 a3 35. Ra1 c4 36. Rfc1 c3 37. Ra2 Ra6 38. Rca1 Qc6 39. Qe2
Re6 40. Kh2 Nd2 41. Rxd2 cxd2 42. Qxd2 Rg6 43. Qd8+ Kh7 44. Qh4+ Kg8 45. Qd8+
Kf7 46. Ra2 Ra8 47. Qd3 Kg8 48. Qb3+ Kh7 49. Qd3 Qf3 50. Qf5 Re8 51. Qd3 Re4
52. Qxa3 Rxf4 1/2-1/2

[Event "POHÁR města Říčany 2024"]
[Site "Městské kulturní středisko U labutě"]
[Date "2024.06.30"]
[Round "2.30"]
[White "Kolar, Edvard"]
[Black "Soukup, Alexandr"]
[Result "1-0"]
[WhiteElo "1807"]
[BlackElo "1527"]
[WhiteFideId "23746238"]
[BlackFideId "23763469"]
[PlyCount "0"]
[EventDate "2024.06.29"]

1. e4 e6 2. d4 d5 3. Nc3 Bb4 4. e5 h6 5. Qg4 g6 6. Bd3 Ne7 7. Ne2 Nf5 8. Ng3
Qh4 9. Bxf5 Qxg4 10. Bxg4 Nc6 11. Be3 Bd7 12. O-O O-O-O 13. a3 Be7 14. Na4 Nxd4
15. Bxd4 Bxa4 16. b3 Bd7 17. b4 Ba4 18. Be3 Kb8 19. c3 b5 20. Bd1 c6 21. Ne2 g5
22. Nc1 Bxd1 23. Rxd1 Kb7 24. a4 bxa4 25. Rxa4 a6 26. Nd3 Ra8 27. Rda1 h5
28. Bc5 Bd8 29. Bd6 Bb6 30. Nc5+ Bxc5 31. bxc5 1-0